000 00575nam a2200181 i 4500
001 80506
003 ES-MaACL
005 20240223063028.0
007 t|
008 041028s1940 zzz ||||1| spa d
100 1 _aHitler, Adolf,
_d1889-1945
_963836
245 1 0 _aDiscurso del Führer pronunciado en el Sportpalast, Berlin, el 30 de enero de 1940.
260 _a[S.l. :
_bs.n.,
_c1940?]
300 _a21 p. ;
_c21 cm.
651 4 _aAlemania-
_xPolítica y gobierno-
_y1933-1945.
_9140301
852 _aES-MaACL
_j1825-F-29
_bR.17033
999 _c80506
_d80506